000 00481nam a2200181 4500
001 7135
005 20230410105516.0
008 060907n1998 dr spa
020 _a2711129934
035 _9funglode7199
041 _aFR
050 1 4 _aHC 59 P625s 1998
100 _aLabrousse, Christian
245 1 _aLes grands problémes de l' économie contemporaine /
_cChristian Labrousse
260 _aParis :
_blitec,
_c1998
300 _a109 p.
942 _2lcc
_cbk
999 _c38161
_d38161